Cinco hombres de Francfort (Registro nro. 446)
[ vista simple ]
| 000 -CABECERA | |
|---|---|
| Longitud fija campo de control | 00661nam a2200217 b 4500 |
| 003 - IDENTIFICADOR DELl NÚMERO DE CONTROL | |
| Identificador del número de control | OSt |
| 005 - FECHA Y HORA DE LA ÚLTIMA TRANSACCIÓN | |
| Fecha y hora de la última transacción | 20160208153322.0 |
| 008 - CÓDIGOS DE INFORMACIÓN DE LONGITUD FIJA | |
| Códigos de información de longitud fija | 160208b xxu||||| |||| 00| 0 eng d |
| 040 ## - FUENTE DE LA CATALOGACIÓN | |
| Centro catalogador de origen | BU-BP |
| Centro transcriptor | BMC |
| 082 ## - NÚMERO DE LA CLASIFICACIÓN DECIMAL DEWEY | |
| Númeroo de clasificación | 859 |
| 082 ## - NÚMERO DE LA CLASIFICACIÓN DECIMAL DEWEY | |
| Númeroo de clasificación | 920 |
| 100 ## - PUNTO DE ACCESO PRINCIPAL-NOMBRE DE PERSONA | |
| 9 (RLIN) | 510 |
| Nombre de persona | Ravage, M. E. |
| Fechas asociadas al nombre | 1884-1965 |
| Forma desarrollada del nombre | Marcus Eli |
| 245 10 - MENCIÓN DE TÍTULO | |
| Título | Cinco hombres de Francfort |
| Resto del título | : (la historia de los Rothschild) |
| Mención de responsabilidad, etc. | M.E. Ravage ; [traducción del original en ingles por G. Sans Huelin] |
| 250 ## - MENCIÓN DE EDICIÓN | |
| Mención de edición | 2ª ed |
| 260 ## - PUBLICACIÓN, DISTRIBUCIÓN, ETC. (PIE DE IMPRENTA) | |
| Lugar de publicación, distribución, etc. | Madrid |
| Nombre del editor, distribuidor, etc. | Espasa-Calpe |
| Fecha de publicación, distribución, etc. | 1963 |
| 300 ## - DESCRIPCIÓN FÍSICA | |
| Extensión | 232 p. |
| Dimensiones | 18 cm |
| 490 ## - MENCIÓN DE SERIE | |
| Mención de serie | Austral |
| Designación de volumen o secuencia | 489 |
| 600 34 - PUNTO DE ACCESO ADICIONAL DE MATERIA - NOMBRE DE PERSONA | |
| 9 (RLIN) | 535 |
| Nombre de persona | Rothschild (Familia) |
| 700 ## - PUNTO DE ACCESO ADICIONAL - NOMBRE DE PERSONA | |
| 9 (RLIN) | 509 |
| Nombre de persona | Sans Huélin, Guillermo |
| 942 ## - ENTRADA DE ELEMENTOS AGREGADOS (KOHA) | |
| Fuente de clasificaión o esquema | Dewey Decimal Classification |
| Koha [por defecto] tipo de item | 1- Monografias |
| Suprimido | Perdido | Fuente de clasificación o esquema | Estropeado | Restricciones de uso | No para préstamo | Código de colección | Localización permanente | Localización actual | Localización en estanter&íacute;as | Fecha adquisición | Fuente de adquisición | Número de inventario | Préstamos totales | Signatura completa | Código de barras | Fecha última consulta | Coste, precio reemplazado | Fecha del precio de reemplazo | Tipo de item de Koha |
|---|---|---|---|---|---|---|---|---|---|---|---|---|---|---|---|---|---|---|---|
| NULL | NULL | Dewey Decimal Classification | NULL | Prestable | NULL | NULL | Biblioteca Miguel de Cervantes - UNICAES | Biblioteca Miguel de Cervantes - UNICAES | Sala Principal | 20/07/1998 | Donación - Marco René Revelo | 000454 | 920 RAV cin | 1000454 | 17/05/2013 | 6.82 | 17/05/2013 | 1- Monografias |